| Tag |
First Indicator |
Second Indicator |
Subfields |
| LEADER |
00000cam a2200000Ia 4500 |
| 001 |
in00004507549 |
| 005 |
20191204153410.0 |
| 008 |
010205t20001999mauab b 001 0 eng d |
| 010 |
|
|
|a 99026894
|
| 020 |
|
|
|a 0262522950 (pb)
|
| 020 |
|
|
|a 9780262522953 (pb)
|
| 029 |
1 |
|
|a YDXCP
|b 1707420
|
| 035 |
|
|
|a (OCoLC)ocm45846910
|
| 035 |
|
|
|a (OCoLC)45846910
|
| 035 |
|
|
|z (UtOrBLW)47874
|
| 035 |
|
|
|a 68372
|
| 040 |
|
|
|a NXW
|c NXW
|d OCLCQ
|d BAKER
|d YDXCP
|d OCLCG
|d B9K
|d TMV
|d UtOrBLW
|
| 049 |
|
|
|a TMVM
|c 1
|
| 050 |
0 |
0 |
|a BD175
|b .B68 2000
|
| 060 |
|
4 |
|a BD 175
|b B786s 1999
|
| 082 |
0 |
4 |
|a 001.01
|
| 100 |
1 |
|
|a Bowker, Geoffrey C.
|
| 245 |
1 |
0 |
|a Sorting things out :
|b classification and its consequences /
|c Geoffrey C. Bowker, Susan Leigh Star.
|
| 264 |
|
1 |
|a Cambridge, Mass. :
|b MIT Press,
|c ©2000, ©1999.
|
| 300 |
|
|
|a xii, 377 pages :
|b illustrations, maps ;
|c 24 cm.
|
| 336 |
|
|
|a text
|2 rdacontent
|b txt
|
| 337 |
|
|
|a unmediated
|2 rdamedia
|
| 338 |
|
|
|a volume
|2 rdacarrier
|b nc
|
| 490 |
1 |
|
|a Inside technology
|
| 504 |
|
|
|a Includes bibliographical references (pages [335]-365) and indexes.
|
| 650 |
|
0 |
|a Knowledge, Sociology of.
|
| 650 |
|
0 |
|a Classification.
|
| 650 |
|
2 |
|a Classification.
|
| 700 |
1 |
|
|a Star, Susan Leigh,
|d 1954-
|
| 830 |
|
0 |
|a Inside technology.
|
| 999 |
|
|
|a MARS
|
| 999 |
f |
f |
|s 0a53ea4b-7130-39e5-90c0-33e1890028f2
|i 2c223c92-b303-3e56-b92b-9addb1a973f1
|t 0
|
| 952 |
f |
f |
|p ric
|a Texas A&M University
|b Rellis Campus
|c Joint Library Facility
|d Remote Storage
|t 0
|e BD 175 B786s 1999
|h National Library of Medicine classification
|i unmediated -- volume
|m 3238902067153
|
| 998 |
f |
f |
|a BD 175 B786s 1999
|t 0
|l Remote Storage
|